000 00471nam a2200181Ia 4500
008 100917s9999 xx 000 0 und d
082 _b4526
100 _aबाबर सरोजिनी
245 _aकमळाच जाळ
260 _b---
_c1946
300 _a170
365 _b3.5
520 _aकादंबरी
630 _aकमळाच जाळ
650 _aकादंबरी
730 _aकमळाच जाळ
942 _cBOOK
999 _c609920
_d609917